2024 Movies Blurred - Statistics

General Stats
  • This quiz has been taken 19 times
  • The average score is 17 of 50
Answer Stats
Picture Answer % Correct
Beetlejuice Beetlejuice
93%
Paddington In Peru
79%
Sonic The Hedgehog 3
79%
Joker: Folie à Deux
64%
The Garfield Movie
64%
Inside Out 2
57%
Kung Fu Panda 4
57%
Madame Web
57%
Mufasa: The Lion King
57%
Ghostbusters: Frozen Empire
50%
Mean Girls
50%
Nosferatu
50%
Transformers One
50%
Twisters
50%
Venom: The Last Dance
50%
Wicked
50%
Despicable Me 4
43%
Bob Marley: One Love
36%
IF
36%
The Beekeeper
36%
Bad Boys: Ride Or Die
29%
Challengers
29%
Damsel
29%
Deadpool & Wolverine
29%
Furiosa: A Mad Max Saga
29%
Gladiator II
29%
Sting
29%
The Crow
29%
The Fall Guy
29%
A Quiet Place: Day One
21%
Borderlands
21%
Carry-On
21%
Heretic
21%
Kingdom Of The Planet Of The Apes
21%
Megalopolis
21%
Orion And The Dark
21%
The Apprentice
21%
The Wild Robot
21%
Trap
21%
Argylle
14%
Fly Me To The Moon
14%
Godzilla x Kong: The New Empire
14%
Harold And The Purple Crayon
14%
Kraven The Hunter
14%
Lift
14%
Rebel Ridge
14%
Road House
14%
The Lord Of The Rings: The War Of The Rohirrim
14%
The Ministry Of Ungentlemanly Warfare
14%
Alien: Romulus
7%
No matching quizzes found
Score Distribution
Percent of People with Each Score
Percentile by Number Answered
Your Score History
You have not taken this quiz